Education in El Salvador. (Record no. 22069)

MARC details
000 -LEADER
fixed length control field 00897cam a22002651 4500
001 - CONTROL NUMBER
control field e 47000038
003 - CONTROL NUMBER IDENTIFIER
control field DLC
005 - DATE AND TIME OF LATEST TRANSACTION
control field 20260227111233.0
008 - FIXED-LENGTH DATA ELEMENTS--GENERAL INFORMATION
fixed length control field 800131s1947 dcu b f000 0 eng c
010 ## - LIBRARY OF CONGRESS CONTROL NUMBER
LC control number e 47000038
035 ## - SYSTEM CONTROL NUMBER
System control number (OCoLC)5933315
040 ## - CATALOGING SOURCE
Original cataloging agency U. S. Office of Education Library
Transcribing agency MChB
Modifying agency DLC
042 ## - AUTHENTICATION CODE
Authentication code premarc
050 00 - LIBRARY OF CONGRESS CALL NUMBER
Classification number L111
Item number .A6 1947, no. 3
051 ## - LIBRARY OF CONGRESS COPY, ISSUE, OFFPRINT STATEMENT
Classification number LA471
Item number .E22
082 ## - DEWEY DECIMAL CLASSIFICATION NUMBER
Classification number 370.97284
100 1# - MAIN ENTRY--PERSONAL NAME
Personal name Ebaugh, Cameron Duncan,
Dates associated with a name 1893-
245 00 - TITLE STATEMENT
Title Education in El Salvador.
260 ## - PUBLICATION, DISTRIBUTION, ETC.
Place of publication, distribution, etc. [Washington,
Date of publication, distribution, etc. 1947]
300 ## - PHYSICAL DESCRIPTION
Extent vi, 81 p.
Dimensions 23 cm.
410 10 - SERIES STATEMENT/ADDED ENTRY--CORPORATE NAME [OBSOLETE, CAN/MARC], [LOCAL, USA]
Corporate name or jurisdiction name as entry element U.S. Office of Education. Bulletin 1947,
Volume number/sequential designation no. 3
501 ## - WITH NOTE
With note Copies 1 and 2 of L111.A6 with: Education in Ecuador / Cameron Duncan Ebaugh. Washington : Govt. Print. Off., 1947. Bound together subsequent to publication.
Institution to which field applies DLC
504 ## - BIBLIOGRAPHY, ETC. NOTE
Bibliography, etc. note Bibliography: p. 80-81.
650 #0 - SUBJECT ADDED ENTRY--TOPICAL TERM
Topical term or geographic name entry element Education
Geographic subdivision El Salvador.

No items available.

Powered by Koha